000
00191nam a2200073Ia 4500
008
170523s9999 xx 000 0 und d
100
_a
Miglani- Seema
245
0
_a
Communication Skills - 1
260
_a
Vayu Education of India
999
_c
12349
_d
12349